000 00591nam a2200169 4500
999 _c4298
_d4298
008 160903b xxu||||| |||| 00| 0 eng d
022 _a2094-8042
082 _aDPer 370.105 M72 Jan-Dec 2012 v. 60-61
100 _914038
_aParallag, Richard A.
243 _aThe modern teacher
245 _aUgac elementary school:
_brecipients of the Bethesda feeding program/
_cRichard A. Parallag.
260 _aPhilippines:
_bIn the Grade School, Inc.,
_c©2012.
300 _av60 n2, page 62;
_c28 cm.
500 _aThe Modern Teacher
650 0 _918713
_aCommunity services
942 _2ddc
_cPER